000 01058nam a2200253 a 4500
005 20170926121953.0
008 140318b2005 txud||||r|||| 00| 0 eng d
040 _aCO-BoIAVH
_cCO-BoIAVH
041 0 _aeng
044 _axxu
082 0 4 _a004.6
_bI61c
111 2 _aInternational Conference on Computing, Communications and Control Technologies
_cTexas
_djulio 24-27, 2005
_n3
245 1 4 _aThe 3rd International conference on computing, communications and control technologies
260 _aOrlando, FL (EE.UU.) :
_bIIIS,
_c2005.
300 _a274 páginas :
_bgráficas ;
_c27 x 22 cm.
650 2 6 _aInformática
_vCongresos, conferencias, etc.
650 2 6 _aDiseño de sistemas
_vCongresos, conferencias, etc.
650 2 6 _aTecnologías para la información y la comunicación (TIC)
_vCongresos, conferencias, etc.
700 1 _aChu, Hsing Wei
_eeditor
700 1 _aSavoie, Michael J.
_eeditor
700 1 _aSanchez, Belkis
_eeditor
700 1 _aHong, Seong Min
_eeditor
942 _cLIBRO
_2ddc
999 _c5077
_d5077